1878 1663 1728 1297 1015 1330 1423 1908 1659 1452 1303 1889 1577 1332 1714 1426 1135 1544 1430 1769 1788 1958 1195 1874 1348 1970 1559 1578 1559 1071 1849 1864 1587 1847 1248 1462 1715 1247 1285 1765 1446 1284 1593 1140 1772 1423 1710 1604 1695 1314 1067 1980 1196 1693 1347 1114 1192 1798 1259 1937 1149 1652 1647 1156 1707 1286 1246 1556 1492 1925 1706 1633 1437 1683 1368 1728 1979 1377 1635 1969 1004 1116 1520 1694 1921 1852 1657 1525 1916 1790 1828 1801 1897 1432 1712 1874 1655 1968 1662 BCNSPRNW ULIB Ver.6.0+V

เปลี่ยนเป็นภาษาไทย

Change to English
 แสดงรายละเอียดบรรณานุกรม
  กลับหน้าหลัก

Brief Record : Get Marc (ISO 2709) : E-mail record : QR code < ปิดหน้าต่าง
LEADER : 00000nam 2200000uu 4500
001    13399129057
003     ULIB
008    020711s2566 th a 000 0 tha d
020    ^a9786166080797
060    ^aWA590^bอ653ส
100    ^aอารยา เชียงของ
245    สุขภาพคนเมือง :ทฤษฎี กลยุทธ์ในการส่งเสริมสุขภาพ และการป้องกันโรค ประเด็นปัญหาและมุมมองอนาคต/^cอารยา เชียงของ
250    ^aพิมพ์ครั้งที่ 1
260    ^aนนทบุรี :^bพี.เค.เค.พริ้นท์ติ้ง,^c2566
300    ^a210 หน้า
650    ^aการส่งเสริมสุขภาพ
945    ^p300^l0^i011728
945    ^p300^l0^i011729
945    ^p300^l0^i011730
999    ^aประนอม เกษจรัล
รายการนี้ยังไม่มีแท็ก
คุณยังไม่ได้ล็อกอิน คุณสามารถมีกิจกรรมร่วมกับเว็บไซต์ได้ แต่ต้องล็อกอินก่อน ::
  ล็อกอิน

รายการสื่อสารสนเทศ

ลำดับที่ ประเภท เลขเรียก/บาร์โค้ด สถานที่ สถานะ
1. วิทยาศาสตร์การแพทย์ และสุขภาพ
หนังสือสำรอง
สถานะ=หนังสือสำรอง
WA590 อ653ส ฉ.1 
  Barcode: 011728
ห้องสมุดวิทยาเขตสวรรค์ประชารักษ์
►หนังสือทั่วไป
บนชั้น
2. วิทยาศาสตร์การแพทย์ และสุขภาพ
วิทยาศาสตร์การแพทย์ และสุขภาพ
WA590 อ653ส ฉ.2 
  Barcode: 011729
ห้องสมุดวิทยาเขตสวรรค์ประชารักษ์
►หนังสือทั่วไป
บนชั้น
3. วิทยาศาสตร์การแพทย์ และสุขภาพ
วิทยาศาสตร์การแพทย์ และสุขภาพ
WA590 อ653ส ฉ.3 
  Barcode: 011730
ห้องสมุดวิทยาเขตสวรรค์ประชารักษ์
►หนังสือทั่วไป
บนชั้น

รายการใกล้เคียง
    ผู้แต่ง [อารยา เชียงของ]

    หัวเรื่อง [การส่งเสริมสุขภาพ]

BibComment


ยังไม่เคยถูกคอมเมนท์

คอมเมนท์ทรัพยากรรายการนี้
  คอมเมนท์: สุขภาพคนเมือง ทฤษ..


 Copyright 2026. Bcnsprnw @Library